| 000 | 01499nam a22003977a 4500 | ||
|---|---|---|---|
| 003 | CHAP | ||
| 005 | 20220329143509.0 | ||
| 008 | 100222s2009 mx r 00010 spa d | ||
| 010 | _a97572 | ||
| 011 | _a98544 | ||
| 035 | _a109229 | ||
| 040 | _cCHAP | ||
| 090 | _aTesis | ||
| 100 | 1 |
_aLópez Osorio, Joel. _968196 |
|
| 245 | 1 | 0 |
_aControl de calidad en brócoli (Brassica oleracea Var. Italica.) en el Municipio de San José Iturbide, Guanajuato _c/por Joel López Osorio y Omar Guadalupe Maya Ramírez |
| 260 |
_aChapingo, Méx. : _bEl autor, _c2009 |
||
| 300 |
_avi, 65 h. : _bilus., cuadros |
||
| 502 | _aTesis (Ing. Agr. Esp. en Fitotecnia) -- UACH. Departamento de Fitotecnia | ||
| 590 |
_aALEPH _b10 _c20130110 _lUCH01 _h1532 |
||
| 590 |
_aBATCH-UPD _b10 _c20130110 _lUCH01 _h1418 |
||
| 590 |
_aBATCH-UPD _b10 _c20130410 _lUCH01 _h0901 |
||
| 590 |
_aBATCH-UPD _b10 _c20130914 _lUCH01 _h0751 |
||
| 590 |
_aCONVERSION _b10 _c20130109 _lUCH01 _h1354 |
||
| 650 | 1 | 4 |
_aBrócoli. _915529 |
| 650 | 1 | 4 |
_aBrócoli _xEnfermedades. _915535 |
| 650 | 1 | 4 |
_aBrócoli _xGuanajuato. _915537 |
| 650 | 1 | 4 |
_aBrócoli _xPlagas. _915546 |
| 650 | 1 | 4 |
_aBrócoli _xRendimiento. _915549 |
| 650 | 1 | 4 |
_aPlutella xylostella. _989328 |
| 650 | 1 | 4 |
_aSanidad vegetal. _9102224 |
| 700 | 1 |
_aMaya Ramírez, Omar Guadalupe. _973199 |
|
| 901 | _aBK | ||
| 942 | _cFOLL | ||
| 949 |
_aTesis _bBC _cTES _d33724002109801 _eTS1 _gDonaciØn _h50020 _i109229 _sb |
||
| 949 |
_aTesis _bBC _cTES _d33724002109842 _eTS2 _fc.2 _gDonaciØn _h50021 _i109229 _sb |
||
| 999 |
_c97572 _d97572 |
||